000 00444nam a2200169Ia 4500
001 17848
003 IN-NITTTR
005 20251114233209.0
008 251113s9999||||xx |||||||||||||| ||eng||
040 _beng
040 _cIN-NITTTR
041 _aeng
082 _a658.4034 S76O
100 _aSchroeder, Roger G.
245 0 _aOperations management :
_b decision making in the operations function. /
_cSchroeder, Roger G.
942 _2ddc
_cBK
999 _c20482
_d20482